| 000 | 00595nam a2200193Ia 4500 | ||
|---|---|---|---|
| 003 | GCL | ||
| 008 | 140319s9999 xx 000 0 ara d | ||
| 040 |
_aGCL / _cGCL |
||
| 082 | 0 | 4 |
_aق _b916.2 _bم ا |
| 100 | 1 | _aمركز الاستشعار عن بعد | |
| 245 | 1 | 0 |
_aاطلس فضائى جمهورية مصر العربية / _cمركز الاستشعار عن بعد |
| 260 |
_a[S.N] : _bاكاديميةالبحث العلمى ، _c1990 |
||
| 490 | _a | ||
| 650 | 0 | 4 | _aمصر |
| 650 | 0 | 4 | _aالجغرافيا |
| 650 | 0 | 4 | _aالخرائط |
| 650 | 0 | 4 | _aالاطالس |
| 942 |
_2ddc _cBK |
||
| 999 |
_c36194 _d36194 |
||